| 000 | 01210nam a2200361 i 4500 | ||
|---|---|---|---|
| 001 | 52869 | ||
| 003 | KOSZ 005 | ||
| 005 | 20190919073905.0 | ||
| 008 | 070210s2005 pl f |000 0 pol d | ||
| 020 | _a8392028120 | ||
| 040 |
_cKOSZ 005 _aKOSZ 005 _dKOSZ 005/HR |
||
| 041 | 0 | _apol | |
| 046 | _k2005 | ||
| 080 | _a338.48(438) | ||
| 080 | _a339.7(4-67) | ||
| 100 | 1 |
_aButowski, Leszek _d(1965- ) _eAutor |
|
| 245 | 1 | 0 |
_aFinansowanie projektów turystycznych z funduszy strukturalnych Unii Europejskiej / _cLeszek Butowski. |
| 260 |
_aLublin : _bWydawnictwo Akademickie Wyższej Szkoły Społeczno-Przyrodniczej, _c2005. |
||
| 300 |
_a189, [2] s. : _bmapy, wykr. ; _c24 cm. |
||
| 336 |
_2rdacontent _aTekst _btxt |
||
| 337 |
_2rdamedia _aBez urządenia pośredniczącego _bn |
||
| 338 |
_2rdacarrier _aWolumin _bnc |
||
| 380 | _aKsiążki | ||
| 388 | _a2001- | ||
| 504 | _aBibliogr. | ||
| 650 | 7 | _aTurystyka | |
| 650 | 7 | _aFinanse | |
| 650 | 7 | _aFundusze strukturalne UE | |
| 651 | 7 | _aPolska | |
| 658 | _aGospodarka, ekonomia, finanse | ||
| 856 |
_uhttp://koha.tu.koszalin.pl/cgi-bin/koha/opac-detail.pl?biblionumber=52869 _yKatalog online BPK |
||
| 942 |
_cKS _2UKD |
||
| 999 |
_c52869 _d52869 |
||